[Event "Rated Blitz game"]
[Site "?"]
[Date "2021.07.27"]
[Round "?"]
[White "Overrrrr"]
[Black "pasha1984"]
[Result "1-0"]
[WhiteElo "2478"]
[BlackElo "2386"]
[PlyCount "27"]
[EventDate "2021.??.??"]
[EventType "blitz"]

1. e4 e5 2. Nf3 d5 3. Nxe5 dxe4 4. Bc4 Qg5 5. Bxf7+ Ke7 6. d4 Qxg2 7. Rf1 Nc6
8. Bc4 Nf6 9. Bf4 Bf5 10. c3 Rd8 11. Nxc6+ bxc6 12. Qa4 Bd7 13. Bxc7 Re8 14.
Qa3+ {Normal} 1-0

[Event "Rated Rapid game"]
[Site "?"]
[Date "2021.07.27"]
[Round "?"]
[White "Jmistry19"]
[Black "Baris_AE"]
[Result "0-1"]
[WhiteElo "2361"]
[BlackElo "2425"]
[PlyCount "66"]
[EventDate "2021.??.??"]
[EventType "rapid"]

1. e4 e5 2. Nf3 d5 3. Nxe5 Bd6 4. Nf3 dxe4 5. Nd4 Bxh2 6. Rxh2 Qxd4 7. Nc3 Bf5
8. Rh4 g5 9. Rh1 Nc6 10. d3 O-O-O 11. Bxg5 f6 12. Be3 Qb4 13. Qh5 Bg6 14. Qh3+
Kb8 15. O-O-O exd3 16. Bxd3 Bxd3 17. Rxd3 Rxd3 18. cxd3 Nge7 19. Qh4 Qd6 20.
Rd1 Nf5 21. Qe4 Nxe3 22. fxe3 Ne5 23. Kc2 h5 24. Qf5 Rg8 25. Qxh5 Rxg2+ 26. Kb1
a6 27. Ne4 Qb4 28. b3 Qa3 29. Nd2 Nxd3 30. Qh8+ Ka7 31. Qxf6 Rxd2 32. Qd4+ c5
33. Qxd3 Qb2# {Normal} 0-1

[Event "Rated Blitz game"]
[Site "?"]
[Date "2021.07.27"]
[Round "?"]
[White "Kabila"]
[Black "Maltinho"]
[Result "0-1"]
[WhiteElo "2483"]
[BlackElo "2525"]
[PlyCount "38"]
[EventDate "2021.??.??"]
[EventType "blitz"]

1. e4 e5 2. Nf3 d5 3. Nxe5 Bd6 4. d4 dxe4 5. Nc4 Nf6 6. Nc3 O-O 7. Be2 Nc6 8.
Be3 Bf5 9. a3 Re8 10. Qd2 a6 11. h3 Bg6 12. O-O b5 13. Nxd6 cxd6 14. Bg5 Ne7
15. Qf4 Ned5 16. Nxd5 Nxd5 17. Qh4 f6 18. Bd2 f5 19. b3 Qxh4 {Normal} 0-1

[Event "Rated Blitz game"]
[Site "?"]
[Date "2021.07.27"]
[Round "?"]
[White "Josipan_81"]
[Black "NewSexstyle"]
[Result "0-1"]
[WhiteElo "2495"]
[BlackElo "2488"]
[PlyCount "139"]
[EventDate "2021.??.??"]
[EventType "blitz"]

1. e4 e5 2. Nf3 d5 3. exd5 e4 4. Qe2 Be7 5. Qxe4 Nf6 6. Qa4+ c6 7. d4 O-O 8.
Bd3 b5 9. Qb3 Nxd5 10. h3 Be6 11. c4 Nb6 12. Nbd2 N8d7 13. Qc2 h6 14. c5 Nd5
15. O-O N7f6 16. a3 Nf4 17. Ne4 Nxd3 18. Qxd3 Bc4 19. Qc2 Bxf1 20. Kxf1 Qd5 21.
Nc3 Qc4+ 22. Kg1 a5 23. Qe2 Qxe2 24. Nxe2 Nd7 25. Ng3 Bf6 26. Ne4 Rfe8 27.
Nxf6+ Nxf6 28. Ne5 Re6 29. Be3 Rd8 30. b4 axb4 31. axb4 Nd5 32. Bd2 f6 33. Nd3
Re2 34. Rd1 Ra8 35. Kf1 Re6 36. Nf4 Nxf4 37. Bxf4 Rd8 38. g4 Rd5 39. f3 h5 40.
Kf2 Re8 41. Bd6 Ra8 42. Ke3 Ra3+ 43. Ke4 hxg4 44. hxg4 Kf7 45. Rb1 Ra2 46. Bf4
Re2+ 47. Kd3 Rf2 48. Ke3 Rc2 49. Ra1 Rc4 50. Ra7+ Kg6 51. Bd6 Rcxd4 52. Rc7
Rxd6 53. cxd6 Rxd6 54. f4 f5 55. gxf5+ Kxf5 56. Rxg7 Rd1 57. Rg5+ Ke6 58. Rg6+
Kd5 59. f5 Re1+ 60. Kf3 Rf1+ 61. Kg4 c5 62. bxc5 Kxc5 63. Kg5 b4 64. f6 b3 65.
Rg7 b2 66. Rb7 b1=Q 67. Rxb1 Rxb1 68. f7 Rf1 69. Kg6 Kd6 70. f8=Q+ {Normal} 0-1

[Event "Rated Blitz game"]
[Site "?"]
[Date "2021.07.27"]
[Round "?"]
[White "Stas-2444"]
[Black "Juliateacher"]
[Result "0-1"]
[WhiteElo "2568"]
[BlackElo "2618"]
[PlyCount "94"]
[EventDate "2021.??.??"]
[EventType "blitz"]

1. e4 e5 2. Nf3 d5 3. Nxe5 Bd6 4. d4 dxe4 5. Nc4 Nf6 6. Nc3 O-O 7. Bg5 Bf5 8.
Qd2 Be7 9. O-O-O h6 10. Bf4 Nc6 11. Ne3 Bg6 12. g4 Bd6 13. Bxd6 cxd6 14. h4 Rc8
15. g5 hxg5 16. hxg5 Nh7 17. Bh3 Rb8 18. Rdg1 Nxg5 19. Bf5 Nf3 20. Bxg6 fxg6
21. Qe2 Nxg1 22. Qc4+ Rf7 23. Rxg1 Rc8 24. Rxg6 Ne5 25. Qe6 Nxg6 26. Qxg6 Qf6
27. Qg4 Re8 28. Nxe4 Qf4 29. Qxf4 Rxf4 30. Nxd6 Rd8 31. Nxb7 Rdxd4 32. Nd1 Rd7
33. Nc5 Re7 34. Nd3 Rh4 35. b3 Rh1 36. Kd2 g5 37. Ne3 Rh2 38. c4 Kh7 39. c5 Kg6
40. b4 Rh4 41. c6 Rc7 42. b5 Rd4 43. Kc3 Rd6 44. Kc4 a6 45. a4 axb5+ 46. axb5
Rc8 47. Kc5 Rxd3 {Normal} 0-1

[Event "Rated Blitz game"]
[Site "?"]
[Date "2021.07.27"]
[Round "?"]
[White "Oleg946"]
[Black "gooddave2017"]
[Result "0-1"]
[WhiteElo "2463"]
[BlackElo "2592"]
[PlyCount "50"]
[EventDate "2021.??.??"]
[EventType "blitz"]

1. e4 e5 2. Nf3 d5 3. exd5 e4 4. Qe2 Nf6 5. d3 Bb4+ 6. c3 O-O 7. dxe4 Bc5 8.
Bg5 Re8 9. Nbd2 h6 10. Bxf6 Qxf6 11. O-O-O Bg4 12. h3 Bxf3 13. Nxf3 Nd7 14. g3
b5 15. Bg2 b4 16. c4 b3 17. a3 Bxa3 18. bxa3 Qa1+ 19. Kd2 Qxa3 20. Rb1 Qa2+ 21.
Ke3 Rxe4+ 22. Kxe4 Re8+ 23. Kf4 Rxe2 24. Bf1 Qxb1 25. Bxe2 Qxh1 {Normal} 0-1

[Event "Rated Blitz game"]
[Site "?"]
[Date "2021.07.27"]
[Round "?"]
[White "g5425"]
[Black "pasha1984"]
[Result "1-0"]
[WhiteElo "2445"]
[BlackElo "2387"]
[PlyCount "49"]
[EventDate "2021.??.??"]
[EventType "blitz"]

1. e4 e5 2. Nf3 d5 3. Nxe5 dxe4 4. Nc3 Bd6 5. Nc4 Nf6 6. d3 Bb4 7. Bg5 Bxc3+ 8.
bxc3 Bf5 9. Be2 exd3 10. cxd3 O-O 11. O-O h6 12. Bh4 Nbd7 13. Bf3 Rb8 14. d4
Re8 15. Rb1 b6 16. Qa4 a5 17. Bc6 Re2 18. Rbe1 Qe7 19. Ne5 Rxe1 20. Rxe1 Qd6
21. Bg3 b5 22. Bxb5 Nb6 23. Qd1 Qd5 24. c4 Qb7 25. Nc6 {Normal} 1-0

[Event "Rated Blitz game"]
[Site "?"]
[Date "2021.07.27"]
[Round "?"]
[White "sha6rath"]
[Black "annaly1979"]
[Result "1/2-1/2"]
[WhiteElo "2428"]
[BlackElo "2392"]
[PlyCount "66"]
[EventDate "2021.??.??"]
[EventType "blitz"]

1. e4 e5 2. Nf3 d5 3. Nxe5 Qe7 4. d4 f6 5. Nf3 dxe4 6. Nfd2 f5 7. Nc3 Nf6 8.
Nb3 Be6 9. d5 Bd7 10. Bg5 Qf7 11. Bc4 Bd6 12. O-O a6 13. Nd4 Qg6 14. f4 exf3
15. Nxf3 b5 16. Qe2+ Kf7 17. Bd3 Re8 18. Qd2 h6 19. Bxf6 Qxf6 20. Rae1 b4 21.
Ne2 a5 22. Ned4 Na6 23. Kh1 Kg8 24. Ne6 Nc5 25. Nfd4 Qh4 26. g3 Bxg3 27. Rg1
Bxe1 28. Rxg7+ Kh8 29. Bxf5 Bxd2 30. Rh7+ Kg8 31. Rg7+ Kh8 32. Rh7+ Kg8 33.
Rg7+ Kh8 {Normal} 1/2-1/2

[Event "Rated Blitz game"]
[Site "?"]
[Date "2021.07.27"]
[Round "?"]
[White "Panther48"]
[Black "blastol"]
[Result "0-1"]
[WhiteElo "2315"]
[BlackElo "2445"]
[PlyCount "32"]
[EventDate "2021.??.??"]
[EventType "blitz"]

1. e4 e5 2. Nf3 d5 3. exd5 Bd6 4. d4 e4 5. Ne5 Nf6 6. Bb5+ c6 7. dxc6 bxc6 8.
Nxc6 Qb6 9. Nxa7+ Bd7 10. Nc8 Bb4+ 11. c3 Qxb5 12. cxb4 Bxc8 13. Nc3 Qxb4 14.
O-O O-O 15. Bg5 Nbd7 16. Re1 Qxb2 {Normal} 0-1

[Event "Rated Blitz tournament laolJAJk"]
[Site "?"]
[Date "2021.07.27"]
[Round "?"]
[White "Interstellar2021"]
[Black "cuerosky"]
[Result "1-0"]
[WhiteElo "2653"]
[BlackElo "2242"]
[PlyCount "89"]
[EventDate "2021.??.??"]
[EventType "blitz"]

1. e4 e5 2. Nf3 d5 3. exd5 e4 4. Ne5 Qxd5 5. d4 exd3 6. Nxd3 Nf6 7. Nc3 Qd8 8.
Be2 Be7 9. O-O O-O 10. Bf4 Nc6 11. Bf3 Nd4 12. Re1 c6 13. h3 Be6 14. Be5 Nxf3+
15. Qxf3 Nd7 16. Bg3 Bf6 17. Nf4 Ne5 18. Qh5 g6 19. Nxe6 fxe6 20. Qe2 Nf7 21.
Qxe6 Kg7 22. Rad1 Qe8 23. Qb3 Qc8 24. Ne4 Be5 25. Bxe5+ Nxe5 26. Nc5 Qf5 27.
Ne6+ Kh6 28. Qe3+ g5 29. Nxf8 Nc4 30. Qe6+ Qxe6 31. Nxe6 Nxb2 32. Rd7 Re8 33.
Re3 Nc4 34. Re2 Nb6 35. Rxb7 Nd5 36. Rxh7+ Kxh7 37. Nxg5+ Kg6 38. Rxe8 Kxg5 39.
Re5+ Kf4 40. Rxd5 cxd5 41. Kf1 a5 42. Ke2 a4 43. Kd3 a3 44. Kd4 Kf5 45. Kxd5 {
Normal} 1-0

[Event "Rated Blitz game"]
[Site "?"]
[Date "2021.07.27"]
[Round "?"]
[White "g3nio"]
[Black "GoughPhar"]
[Result "0-1"]
[WhiteElo "2283"]
[BlackElo "2461"]
[PlyCount "42"]
[EventDate "2021.??.??"]
[EventType "blitz"]

1. e4 e5 2. Nf3 d5 3. Nxe5 Bd6 4. d4 dxe4 5. Bc4 Bxe5 6. dxe5 Qxd1+ 7. Kxd1 Nc6
8. Bf4 Bg4+ 9. Kc1 O-O-O 10. Nd2 f5 11. h3 Bh5 12. Be6+ Kb8 13. Bxf5 e3 14.
Bxe3 Nxe5 15. Re1 Nc6 16. g4 Bg6 17. Bxg6 hxg6 18. h4 Nf6 19. Bg5 Rhe8 20. Rxe8
Rxe8 21. Kd1 Nxg4 {Normal} 0-1

[Event "Rated Blitz tournament 5STOhUuw"]
[Site "?"]
[Date "2021.07.27"]
[Round "?"]
[White "Renocta_KBPL"]
[Black "Samuel-BKD"]
[Result "0-1"]
[WhiteElo "2231"]
[BlackElo "2414"]
[PlyCount "58"]
[EventDate "2021.??.??"]
[EventType "blitz"]

1. e4 e5 2. Nf3 d5 3. Nxe5 Bd6 4. d4 dxe4 5. Nc4 Be7 6. Nc3 Nf6 7. h3 O-O 8.
Be2 Bf5 9. O-O Nbd7 10. Bf4 Nb6 11. Ne3 Bg6 12. Qd2 Bd6 13. Bxd6 Qxd6 14. Nb5
Qd7 15. c3 c6 16. Na3 Rad8 17. Rad1 Rfe8 18. Qc2 Nfd5 19. Nac4 Qe7 20. Nxb6
Nxb6 21. b3 f5 22. Nc4 Nd5 23. Ne5 Nf4 24. Qd2 Qg5 25. g3 Nxh3+ 26. Kg2 Qxd2
27. Rxd2 Ng5 28. f4 exf3+ 29. Bxf3 Rxe5 {Normal} 0-1

[Event "Rated Blitz game"]
[Site "?"]
[Date "2021.07.27"]
[Round "?"]
[White "Buenos_tardes_Rai"]
[Black "Rikoboy"]
[Result "0-1"]
[WhiteElo "2408"]
[BlackElo "2451"]
[PlyCount "28"]
[EventDate "2021.??.??"]
[EventType "blitz"]

1. e4 e5 2. Nf3 d5 3. Nxe5 Bd6 4. d4 dxe4 5. Bc4 Bxe5 6. dxe5 Qxd1+ 7. Kxd1 Nc6
8. Bf4 Nge7 9. Nc3 Bf5 10. Ke2 Ng6 11. Ke3 Ngxe5 12. Bb5 O-O-O 13. Rad1 Ng4+
14. Ke2 Nd4+ {Normal} 0-1

[Event "Rated Rapid game"]
[Site "?"]
[Date "2021.07.27"]
[Round "?"]
[White "Unicornz"]
[Black "davidpeng"]
[Result "1-0"]
[WhiteElo "2494"]
[BlackElo "2493"]
[PlyCount "37"]
[EventDate "2021.??.??"]
[EventType "rapid"]

1. e4 e5 2. Nf3 d5 3. exd5 e4 4. Qe2 Nf6 5. d3 Bb4+ 6. c3 O-O 7. cxb4 exf3 8.
gxf3 Re8 9. Be3 Nxd5 10. Nc3 Nc6 11. O-O-O Nd4 12. Qd2 Nxf3 13. Qc2 Nxe3 14.
fxe3 Rxe3 15. Kb1 Bf5 16. Qf2 Qd4 17. Ka1 Rxd3 18. Qxf3 Qxc3 19. Bxd3 {Normal}
1-0

[Event "Rated Blitz game"]
[Site "?"]
[Date "2021.07.27"]
[Round "?"]
[White "MrBigBob"]
[Black "Schachelite"]
[Result "0-1"]
[WhiteElo "2368"]
[BlackElo "2505"]
[PlyCount "32"]
[EventDate "2021.??.??"]
[EventType "blitz"]

1. e4 e5 2. Nf3 d5 3. exd5 e4 4. Ne5 Qxd5 5. d4 exd3 6. Nxd3 Nf6 7. Be2 Bd6 8.
Nc3 Qf5 9. Be3 Nc6 10. Qd2 Be6 11. O-O O-O-O 12. h3 h5 13. Bf3 Ne5 14. Nxe5
Qxe5 15. Rfd1 Qh2+ 16. Kf1 Bc4+ {Normal} 0-1

[Event "Rated Blitz game"]
[Site "?"]
[Date "2021.07.27"]
[Round "?"]
[White "BezMozga"]
[Black "gooddave2017"]
[Result "0-1"]
[WhiteElo "2604"]
[BlackElo "2600"]
[PlyCount "74"]
[EventDate "2021.??.??"]
[EventType "blitz"]

1. e4 e5 2. Nf3 d5 3. d4 dxe4 4. Nxe5 Bd6 5. Nc4 Ne7 6. Nc3 f5 7. Nxd6+ cxd6 8.
Bg5 Be6 9. d5 Bf7 10. f3 O-O 11. Qd4 h6 12. Bh4 Re8 13. O-O-O Qa5 14. Bc4 Ng6
15. Bf2 a6 16. Bb3 Nd7 17. fxe4 fxe4 18. Nxe4 Qc7 19. Ng3 a5 20. Ba4 Rac8 21.
c3 Nge5 22. h4 Bg6 23. h5 Bh7 24. Be3 Rf8 25. Rhf1 Nc5 26. Bc2 Bxc2 27. Kxc2
Qd7 28. Kb1 b5 29. Bc1 b4 30. cxb4 axb4 31. Rxf8+ Rxf8 32. Ne4 Qf5 33. Re1 Ned7
34. Ka1 Re8 35. Nxc5 Rxe1 36. Nd3 Rd1 37. Kb1 Qxd3+ {Normal} 0-1

[Event "Rated Blitz tournament CTyTTaNR"]
[Site "?"]
[Date "2021.07.27"]
[Round "?"]
[White "MaeseMax"]
[Black "CarlitosCL"]
[Result "1/2-1/2"]
[WhiteElo "2408"]
[BlackElo "2335"]
[PlyCount "32"]
[EventDate "2021.??.??"]
[EventType "blitz"]

1. e4 e5 2. Nf3 d5 3. d4 dxe4 4. Nxe5 Bd6 5. f4 exf3 6. Nxf3 Nf6 7. Bd3 O-O 8.
O-O Bg4 9. Nbd2 Nc6 10. c3 Nd5 11. Ne4 Bf4 12. h3 Bh5 13. Qc2 Bxc1 14. Qxc1 Re8
15. Nfg5 Bg6 16. Re1 f5 {Normal} 1/2-1/2

[Event "Rated Blitz game"]
[Site "?"]
[Date "2021.07.27"]
[Round "?"]
[White "DLK1995"]
[Black "blastol"]
[Result "1-0"]
[WhiteElo "2375"]
[BlackElo "2403"]
[PlyCount "133"]
[EventDate "2021.??.??"]
[EventType "blitz"]

1. e4 e5 2. Nf3 d5 3. Nxe5 Bd6 4. d4 dxe4 5. Qe2 Nf6 6. Nc3 O-O 7. Bg5 Re8 8.
O-O-O Bf5 9. g4 Bg6 10. h4 h6 11. Bf4 Nc6 12. g5 Bh5 13. Qe3 Ng4 14. Nxg4 Bxg4
15. gxh6 Bxd1 16. Nxd1 Bxf4 17. Qxf4 Qf6 18. Qxf6 gxf6 19. d5 Ne5 20. Ne3 Kh7
21. Bh3 Rad8 22. Bf5+ Kxh6 23. Bxe4 Ng6 24. Nf5+ Kh7 25. f3 Re5 26. h5 Nf4 27.
Rg1 Kh8 28. Rg4 Nxd5 29. Nh6 f5 30. Nxf7+ Kh7 31. Nxe5 fxe4 32. fxe4 Nf6 33.
Rg1 Nxe4 34. b4 Rd5 35. Nd3 Rxh5 36. Re1 Rh4 37. Kb2 Kg6 38. a4 Kf5 39. a5 Ke6
40. Nc5+ Kd5 41. Nxb7 Kc4 42. c3 Nxc3 43. Rc1 Rh2+ 44. Rc2 Rxc2+ 45. Kxc2 Kxb4
46. a6 Nd5 47. Kd3 Kb5 48. Kd4 Nb6 49. Nc5 Na4 50. Ne6 c5+ 51. Kd5 c4 52. Kd4
c3 53. Kd3 Kxa6 54. Nd4 Ka5 55. Ne2 Kb4 56. Kc2 a5 57. Nd4 Kc4 58. Nb3 Nc5 59.
Nc1 a4 60. Na2 Ne4 61. Nc1 Kb4 62. Na2+ Ka3 63. Nc1 Kb4 64. Ne2 a3 65. Nc1 a2
66. Nxa2+ Kc4 67. Nc1 {Time forfeit} 1-0

[Event "Rated Blitz game"]
[Site "?"]
[Date "2021.07.27"]
[Round "?"]
[White "Gumeniuk_Yevgen"]
[Black "mirekkk14"]
[Result "1-0"]
[WhiteElo "2546"]
[BlackElo "2404"]
[PlyCount "59"]
[EventDate "2021.??.??"]
[EventType "blitz"]

1. e4 e5 2. Nf3 d5 3. exd5 e4 4. Qe2 Qe7 5. Nd4 Nf6 6. Nc3 Qe5 7. Ndb5 a6 8. d4
Qe7 9. Na3 Bf5 10. Nc4 Nbd7 11. Bf4 Qb4 12. a3 Qe7 13. d6 cxd6 14. Nxd6+ Qxd6
15. Bxd6 Bxd6 16. h3 O-O 17. g4 Bg6 18. Bg2 Rfe8 19. g5 Nh5 20. Bxe4 Nf4 21.
Qf3 f5 22. gxf6 Nxf6 23. O-O-O Nxe4 24. Nxe4 Bxe4 25. Qb3+ Bd5 26. Qb6 Re6 27.
Rhe1 Ne2+ 28. Kb1 Bxa3 29. Qa5 Bxb2 30. Rxe2 {Normal} 1-0

[Event "Rated Rapid game"]
[Site "?"]
[Date "2021.07.27"]
[Round "?"]
[White "harunov"]
[Black "gooddave2017"]
[Result "0-1"]
[WhiteElo "2467"]
[BlackElo "2631"]
[PlyCount "124"]
[EventDate "2021.??.??"]
[EventType "rapid"]

1. e4 e5 2. Nf3 d5 3. Nxe5 Bd6 4. d4 dxe4 5. Bf4 Nf6 6. Bc4 O-O 7. O-O Nbd7 8.
Bg3 Qe7 9. f4 exf3 10. Nxd7 Bxd7 11. Bxd6 Qe3+ 12. Rf2 cxd6 13. Qxf3 Qc1+ 14.
Rf1 Qxb2 15. Qc3 Qxc3 16. Nxc3 Rac8 17. Rxf6 gxf6 18. Bb5 Rxc3 19. Bxd7 Rxc2
20. Bf5 Rd2 21. Be4 b6 22. d5 Re8 23. Bf3 Re3 24. a4 f5 25. h4 Kg7 26. a5 Rb2
27. axb6 axb6 28. Ra7 Rxf3 29. gxf3 Rb5 30. Rb7 Kf6 31. Kg2 f4 32. h5 h6 33.
Kh3 Rxd5 34. Rxb6 Kg5 35. Rb7 Rf5 36. Rd7 Rf6 37. Rd8 Kxh5 38. Rg8 Rg6 39. Rd8
Kg5 40. Rf8 Kf6 41. Kh4 d5 42. Re8 Rg3 43. Re1 Rxf3 44. Kg4 Re3 45. Rh1 Re4 46.
Rxh6+ Ke5 47. Rh5+ Kd4 48. Kf3 Kc4 49. Rf5 Re7 50. Rxf4+ d4 51. Rf6 Kc3 52.
Rc6+ Kd2 53. Ra6 d3 54. Rc6 Kd1 55. Rc3 d2 56. Kf2 Re6 57. Rc7 Rf6+ 58. Kg1 Rf5
59. Re7 f6 60. Kg2 Re5 61. Rh7 Ke2 62. Rd7 d1=Q {Normal} 0-1

[Event "Rated Blitz game"]
[Site "?"]
[Date "2021.07.27"]
[Round "?"]
[White "xadrezsoccer21"]
[Black "ChessEducation"]
[Result "1-0"]
[WhiteElo "2459"]
[BlackElo "2423"]
[PlyCount "75"]
[EventDate "2021.??.??"]
[EventType "blitz"]

1. e4 e5 2. Nf3 d5 3. exd5 e4 4. Qe2 Qxd5 5. Nc3 Qe6 6. Qxe4 Nf6 7. Qxe6+ Bxe6
8. Be2 Nc6 9. d4 O-O-O 10. Be3 Ng4 11. O-O Nxe3 12. fxe3 g6 13. Bb5 Bh6 14.
Rfe1 Nb4 15. Rac1 a6 16. Bf1 f5 17. a3 Nd5 18. Nxd5 Bxd5 19. c4 Be4 20. Ne5
Rhf8 21. Bd3 Bxd3 22. Nxd3 f4 23. d5 fxe3 24. g3 Rf3 25. Kg2 Rdf8 26. Rf1 Rxf1
27. Rxf1 Re8 28. Kf3 Rf8+ 29. Ke2 Rxf1 30. Kxf1 Kd7 31. Ke2 Kd6 32. Nf4 Kc5 33.
b3 Kd4 34. Ne6+ Kc3 35. Nxc7 Kxb3 36. d6 Kxc4 37. Ne6 Bg7 38. Nxg7 {Normal} 1-0

[Event "Rated Blitz game"]
[Site "?"]
[Date "2021.07.27"]
[Round "?"]
[White "hmnotanatix"]
[Black "Winquitter"]
[Result "1/2-1/2"]
[WhiteElo "2503"]
[BlackElo "2534"]
[PlyCount "137"]
[EventDate "2021.??.??"]
[EventType "blitz"]

1. e4 e5 2. Nf3 d5 3. exd5 e4 4. c4 exf3 5. Qxf3 c5 6. Nc3 Bd6 7. Bd3 Nf6 8. h3
Qe7+ 9. Kd1 O-O 10. Re1 Qd8 11. b3 Nbd7 12. Bb2 Ne5 13. Qe2 Nxd3 14. Qxd3 a6
15. a4 Bd7 16. g4 Re8 17. g5 Rxe1+ 18. Kxe1 Nh5 19. h4 Qe7+ 20. Kd1 g6 21. Qe3
Re8 22. Qxe7 Rxe7 23. d3 Nf4 24. Ne4 Be5 25. Bxe5 Rxe5 26. Nxc5 Bg4+ 27. Kd2
Re2+ 28. Kc3 Rxf2 29. Nxb7 Rf3 30. Rd1 Rh3 31. Rd2 Rxh4 32. c5 Nxd5+ 33. Kd4
Bf3+ 34. Ke5 Kg7 35. Kd6 Nf4 36. d4 Bxb7 37. b4 Ne6 38. c6 Bxc6 39. Kxc6 Nxd4+
40. Kb6 Nf3 41. Rb2 Nxg5 42. Kxa6 Ne6 43. a5 g5 44. b5 Ra4 45. Kb6 g4 46. a6 h5
47. a7 h4 48. Kb7 g3 49. a8=Q Rxa8 50. Kxa8 h3 51. Rb3 g2 52. Rg3+ Kf8 53. Rxh3
g1=Q 54. b6 Ke7 55. Rb3 Qc5 56. b7 Qd5 57. Ra3 Nc5 58. Ra7 Qxb7+ 59. Rxb7+ Nxb7
60. Kxb7 f5 61. Kc6 f4 62. Kd5 f3 63. Ke4 f2 64. Ke3 f1=Q 65. Kd4 Qb1 66. Ke5
Qb7 67. Kd4 Qc6 68. Kd3 Ke6 69. Ke3 {Time forfeit} 1/2-1/2

[Event "Rated Blitz game"]
[Site "?"]
[Date "2021.07.27"]
[Round "?"]
[White "compte_galere"]
[Black "Dzon_Vejn"]
[Result "1-0"]
[WhiteElo "2507"]
[BlackElo "2448"]
[PlyCount "35"]
[EventDate "2021.??.??"]
[EventType "blitz"]

1. e4 e5 2. Nf3 d5 3. exd5 e4 4. Qe2 Nf6 5. d3 Qxd5 6. dxe4 Qxe4 7. Nc3 Bb4 8.
Bd2 Qxe2+ 9. Bxe2 Nc6 10. O-O-O Bf5 11. Bb5 O-O-O 12. Bxc6 bxc6 13. Ne5 Ng4 14.
Nxc6 Bxc3 15. Bxc3 Rxd1+ 16. Rxd1 Nxf2 17. Ne7+ Kb7 18. Rf1 {Normal} 1-0

[Event "Rated Blitz game"]
[Site "?"]
[Date "2021.07.27"]
[Round "?"]
[White "fathermother"]
[Black "Schachelite"]
[Result "0-1"]
[WhiteElo "2446"]
[BlackElo "2502"]
[PlyCount "82"]
[EventDate "2021.??.??"]
[EventType "blitz"]

1. e4 e5 2. Nf3 d5 3. exd5 e4 4. Qe2 Nf6 5. Nc3 Be7 6. Nxe4 O-O 7. d3 Re8 8.
Be3 Nxd5 9. O-O-O f5 10. Neg5 f4 11. h4 fxe3 12. fxe3 Bxg5 13. hxg5 Nxe3 14.
Re1 Bd7 15. Qf2 Nxf1 16. Rexf1 Nc6 17. Qh4 Bf5 18. Qc4+ Kh8 19. Nh4 Be6 20.
Ng6+ Kg8 21. Qh4 h6 22. Qh5 Qd5 23. Qh4 Qd4 24. Rf4 Qe3+ 25. Kb1 Bf5 26. gxh6
Qe1+ 27. Rxe1 Rxe1+ 28. Qxe1 Bxg6 29. hxg7 Re8 30. Qg3 Kxg7 31. b3 Re6 32. Rg4
Ne5 33. Qf4 Nxg4 34. Qxg4 Rd6 35. Qc4 Bf7 36. Qxc7 Rg6 37. Qe5+ Rf6 38. Qd4 Bg6
39. Qxa7 Bf7 40. Kb2 b5 41. Qd4 b4 {Time forfeit} 0-1

[Event "Rated Blitz tournament 5STOhUuw"]
[Site "?"]
[Date "2021.07.27"]
[Round "?"]
[White "KBPL_JUNIOR"]
[Black "Samuel-BKD"]
[Result "1-0"]
[WhiteElo "2358"]
[BlackElo "2464"]
[PlyCount "113"]
[EventDate "2021.??.??"]
[EventType "blitz"]

1. e4 e5 2. Nf3 d5 3. Nxe5 Bd6 4. d4 dxe4 5. Nc3 Bxe5 6. dxe5 Qxd1+ 7. Nxd1 Nc6
8. Nc3 Bf5 9. Bb5 Nge7 10. Bf4 O-O-O 11. O-O a6 12. Bc4 Ng6 13. Bg5 Rdf8 14. e6
f6 15. Be3 Re8 16. Rfe1 Bxe6 17. Bxe6+ Rxe6 18. g3 f5 19. Bg5 h6 20. Be3 Nge5
21. Kg2 g5 22. Nd5 Rd8 23. Rad1 Nf3 24. Rf1 Rg8 25. Kh1 h5 26. a4 h4 27. b4 g4
28. b5 Rh8 29. Bf4 hxg3 30. Bxg3 axb5 31. axb5 Nce5 32. Ra1 Kb8 33. b6 cxb6 34.
Kg2 Reh6 35. Rh1 Rd6 36. c4 Rc8 37. Ra4 b5 38. Ra5 Rxc4 39. Rxb5 Rcc6 40. Rhb1
Rd7 41. Nb6 Re7 42. Rd1 Kc7 43. Nd5+ Kd8 44. Nxe7+ Kxe7 45. Rxb7+ Ke6 46. Rdb1
Ng6 47. R7b6 Kd5 48. R1b5+ Kc4 49. Rxc6+ Kxb5 50. Rxg6 Nd2 51. h4 Nf3 52. h5 f4
53. h6 fxg3 54. fxg3 e3 55. Re6 e2 56. Rxe2 Ng5 57. Re5+ {Normal} 1-0

[Event "Rated Rapid game"]
[Site "?"]
[Date "2021.07.27"]
[Round "?"]
[White "sajadianpor"]
[Black "Pashkomarku"]
[Result "1-0"]
[WhiteElo "2405"]
[BlackElo "2330"]
[PlyCount "29"]
[EventDate "2021.??.??"]
[EventType "rapid"]

1. e4 e5 2. Nf3 d5 3. exd5 Qxd5 4. Nc3 Qe6 5. Bb5+ Bd7 6. O-O Ne7 7. Re1 f6 8.
d4 Qb6 9. Bc4 Nbc6 10. dxe5 Nxe5 11. Nxe5 fxe5 12. Qh5+ Ng6 13. Rxe5+ Be7 14.
Rxe7+ Kxe7 15. Nd5+ {Normal} 1-0

[Event "Rated Blitz game"]
[Site "?"]
[Date "2021.07.27"]
[Round "?"]
[White "MirkoMK888"]
[Black "superior2017"]
[Result "1/2-1/2"]
[WhiteElo "2460"]
[BlackElo "2384"]
[PlyCount "84"]
[EventDate "2021.??.??"]
[EventType "blitz"]

1. e4 e5 2. Nf3 d5 3. exd5 e4 4. Nd4 Qxd5 5. Nb3 Bd6 6. Nc3 Qe5 7. Be2 Nf6 8.
d4 exd3 9. Qxd3 Bf5 10. Qb5+ Nbd7 11. Qxe5+ Bxe5 12. Bd3 Bxd3 13. cxd3 O-O-O
14. Be3 Rhe8 15. O-O-O b6 16. h3 Kb7 17. Rhe1 c5 18. Kc2 Bc7 19. a4 Ne5 20. d4
cxd4 21. Rxd4 Nc6 22. Rxd8 Rxd8 23. Rd1 Nb4+ 24. Kc1 Nd3+ 25. Kc2 Nb4+ 26. Kc1
Nfd5 27. Nxd5 Nxd5 28. Bd4 f6 29. g3 Nb4 30. Be3 Rxd1+ 31. Kxd1 Be5 32. Nd4 Nd5
33. Kd2 g5 34. Kd3 Nxe3 35. Kxe3 Kc7 36. Ke4 Bxd4 37. Kxd4 Kd6 38. f4 gxf4 39.
gxf4 f5 40. b4 Ke6 41. Kc4 Kd6 42. h4 h5 {Normal} 1/2-1/2

[Event "Rated Blitz tournament laolJAJk"]
[Site "?"]
[Date "2021.07.27"]
[Round "?"]
[White "IvanMarinkovic"]
[Black "cuerosky"]
[Result "1-0"]
[WhiteElo "2578"]
[BlackElo "2231"]
[PlyCount "61"]
[EventDate "2021.??.??"]
[EventType "blitz"]

1. e4 e5 2. Nf3 d5 3. exd5 e4 4. Qe2 Nf6 5. Nc3 Be7 6. Nxe4 O-O 7. d3 Re8 8.
Be3 Nxd5 9. O-O-O f5 10. Ned2 f4 11. Bd4 Nc6 12. Ne4 Nxd4 13. Nxd4 Nb4 14. Kb1
Qxd4 15. c3 Qd5 16. cxb4 Be6 17. Nc3 Qd7 18. Qe4 Bf6 19. Qxf4 a5 20. b5 Bxc3
21. bxc3 Qxb5+ 22. Kc1 Qc5 23. Qd2 Rad8 24. d4 Qa3+ 25. Qb2 Qa4 26. Bd3 Rd6 27.
Bb5 Qxa2 28. Qxa2 Bxa2 29. Bxe8 a4 30. Bxa4 Bd5 31. f3 {Normal} 1-0

[Event "Rated Blitz game"]
[Site "?"]
[Date "2021.07.27"]
[Round "?"]
[White "Zeveraar-Glen"]
[Black "Rikoboy"]
[Result "1-0"]
[WhiteElo "2650"]
[BlackElo "2441"]
[PlyCount "89"]
[EventDate "2021.??.??"]
[EventType "blitz"]

1. e4 e5 2. Nf3 d5 3. exd5 e4 4. Qe2 Nf6 5. d3 Qxd5 6. dxe4 Qxe4 7. Nc3 Bb4 8.
Bd2 Bxc3 9. Bxc3 Qxe2+ 10. Bxe2 O-O 11. O-O-O Be6 12. Rhe1 Nbd7 13. Ne5 Nxe5
14. Bxe5 a5 15. Bxc7 Bxa2 16. Bf3 Rac8 17. Bxa5 Bb3 18. Bc3 b5 19. cxb3 b4 20.
Kc2 Rc7 21. Rd4 bxc3 22. bxc3 g6 23. Red1 Kg7 24. c4 Rb8 25. g4 h6 26. h4 Rb6
27. Rd6 Rb8 28. Rd8 Rb6 29. R1d6 Rxd6 30. Rxd6 Ra7 31. b4 Ra2+ 32. Kb3 Rxf2 33.
Rd3 Rf1 34. c5 Ne8 35. b5 Nc7 36. b6 Ne6 37. Rc3 Rxf3 38. Rxf3 Nd4+ 39. Kc4
Nxf3 40. b7 Ne5+ 41. Kd5 Nd7 42. c6 Nb8 43. c7 f5 44. cxb8=Q fxg4 45. Qe5+ {
Normal} 1-0